'T' Celebrity Images Quiz Stats

 Plays Quiz Updated Dec 14, 2018

Support Sporcle.
Go Orange.
Score 0/20 Timer 06:00
3 Plays Today
% Correct
John Travolta
94.8%
Justin Timberlake
93.5%
Donald Trump
93%
Mike Tyson
92.1%
Steven Tyler
85.8%
Tina Turner
81.6%
Liz Taylor
71.8%
Channing Tatum
69.8%
Quentin Tarantino
68.5%
Alex Trebek
67%
% Correct
Tim Tebow
66.1%
Charlize Theron
65.7%
Billy Bob Thornton
62%
George Takei
53.4%
Jonathan Taylor Thomas
51.4%
Emma Thompson
50.7%
Marisa Tomei
43.6%
Alan Thicke
41.9%
Stanley Tucci
38%
David Tennant
32.3%

From the Vault

Add a Letter in the Middle

by Tahnan

You start with one letter, and suddenly you're adding entire alphabets to your words.
Remove Ads.
Support Sporcle.
Get the best of Sporcle when you Go Orange. This ad-free experience offers more features, more stats, and more fun while also helping to support Sporcle. Thank you for becoming a member.

Show Comments

Extras

Top Quizzes Today


Score Distribution

Your Account Isn't Verified!

In order to create a playlist on Sporcle, you need to verify the email address you used during registration. Go to your Sporcle Settings to finish the process.

Report this User

Report this user for behavior that violates our Community Guidelines.

Details: